| 000 | 00907cam a22002652 4500 | ||
|---|---|---|---|
| 001 | 4435 | ||
| 003 | BD-RjUL | ||
| 005 | 20211208233906.0 | ||
| 008 | 131222s1950 nyuabh 001 0 eng | ||
| 035 |
_aOCLC ocm00813001 from D970512M _a(BD-RjUL)4470 |
||
| 040 |
_aDLC _cCWR _dNRC _dUKM _dEQO _dBD-RjUL _beng |
||
| 041 | _aeng | ||
| 082 |
_a342.73 _bDIA 1950 |
||
| 100 | 1 |
_aDixon, Robert Galloway, _d1920- _914018 |
|
| 245 | 1 | 0 |
_aAmerican government : _cby Robert G. Dixon and Elmer Plischke. _bbasic documents and materials / |
| 260 |
_aNew York : _bVan Nostrand, _cc1950 |
||
| 300 |
_axx, 420 p. : _billus., maps, facsims. ; _c26 cm. |
||
| 490 | 0 | _aVan Nostrand political science series | |
| 504 | _aIncludes Index. | ||
| 651 | 0 |
_aUnited States _xPolitics and government _vSources. _914019 |
|
| 700 | 1 |
_aPlischke, Elmer, _d1914-2005 _914020 |
|
| 942 |
_2ddc _cBK |
||
| 999 |
_c4435 _d4435 |
||